000 00851cab a2200289 4500
001 WB3123-23
008 090401t1995 xxu||||| |||| 00| 0 eng d
035 _a(Sirsi) u3020
041 _aeng
245 _aScottish housing market
260 _c1995
350 _a0
490 _aGlasgow Herald
_v13 June 1995, 12(3)
520 _aAlthough homeownership in Scotland has never matched that in England, homeownership has increased (bar chart) and current difficulties in the housing market are experienced in Scotland.
650 _aHOUSING FINANCE
650 _aHOUSING MARKET
650 _aHOWEOWNERSHIP
650 _aMORTGAGES
650 _aPRIVATE RENTED ACCOMMODATION
650 _aSCOTLAND
650 _aTAX RELIEF
650 _aTENURE
690 _aHOUSING
690 _aHOUSING-FINANCE
942 _n0
948 _c04/03/1997
999 _c1821
_d1821